| 000 | 00803nam a2200253Ia 4500 | ||
|---|---|---|---|
| 003 | OSt | ||
| 005 | 20220918163716.0 | ||
| 006 | a|||||r|||| 00| 0 | ||
| 007 | ta | ||
| 008 | 220917b |||||||| |||| 00| 0 eng d | ||
| 020 |
_a019948760X (pbk) _cINR 995.00 |
||
| 024 | _a348,885 | ||
| 037 |
_bBBS/126, 16/03/2019, Better Book Services _cTextual |
||
| 040 |
_aARTS _cARTS _beng |
||
| 041 |
_2eng _aeng |
||
| 082 | _aV247.N, Q9 | ||
| 100 |
_aAshraf Wani Aijaz _914766 |
||
| 245 | 0 | _aWhat happened to governance in Kashmir? | |
| 260 |
_aOxford _bOxford University Press UK _c2019 |
||
| 300 |
_aix,387p. _ccm. |
||
| 650 |
_aJAMMU AND KASHMIR - HISTORY _914767 |
||
| 942 |
_hV247.N, Q9 _cTEXL _2CC |
||
| 999 |
_c121001 _d121001 |
||